| 000 | 01389nam a2200445 i 4500 | ||
|---|---|---|---|
| 001 | 44883 | ||
| 003 | KOSZ 005 | ||
| 005 | 20211210104332.0 | ||
| 008 | 020612s2002 pl a |000 0 pol | ||
| 015 | _aUWD 2002/9539 | ||
| 020 | _a8371977239 | ||
| 035 | _a991018331319705066 | ||
| 035 | _a(PL-WaBN)b14969245-48omnis_nlop | ||
| 035 | _ab14969245 | ||
| 035 | _a(OCoLC)749254819 | ||
| 035 | _azz2002901068 | ||
| 035 | _a(PL)b0000001496924 | ||
| 035 | _a(EXLNZ-48OMNIS_NETWORK)9910240614205606 | ||
| 040 |
_aWA N _cWA N _dKOSZ 005/HR |
||
| 046 | _k2002 | ||
| 080 | _a004.438 | ||
| 080 | _a(07) | ||
| 100 | 1 |
_aLis, Marcin _d(1975-2016) _eAutor |
|
| 245 | 1 | 0 |
_aJava : _bćwiczenia praktyczne / _cMarcin Lis. |
| 260 |
_aGliwice : _b"Helion", _ccop. 2002. |
||
| 300 |
_a163, [1] s. : _bil. ; _c24 cm. |
||
| 336 |
_aTekst _btxt _2rdacontent |
||
| 337 |
_aBez urządzenia pośredniczącego _bn _2rdamedia |
||
| 338 |
_aWolumin _bnc _2rdacarrier |
||
| 380 | _aKsiążki | ||
| 380 | _aPublikacje fachowe | ||
| 388 | _a2001- | ||
| 650 | 7 |
_aJava (język programowania) _2DBN |
|
| 655 | 7 |
_aPodręcznik _2DBN |
|
| 658 | _aInformatyka i technologie informacyjne | ||
| 710 | 2 |
_aHelion _4pbl |
|
| 856 |
_uhttp://koha.tu.koszalin.pl/cgi-bin/koha/opac-detail.pl?biblionumber=44883 _yKatalog online BPK |
||
| 942 |
_2UKD _cKS |
||
| 999 |
_c44883 _d44883 |
||